00510cam a22001694a 450008200260000010000230002624500600004925000120010926000390012130000370016049000280019750000200022552600370024565000280028265000080031070000220031800a519bSPIcN-01, P-1451 aSpiegel, Murray R.10aTheory and problems of statisticscMurray R. Spiegel ;  a3rd ed. aRawalpindibMarshal Printing press ai-xvii, 538 p. :bill. ;c22 cm.1 aSchaum's outline series aIncludes index. a0b1c0d519_000000000000000_SPI 0aMathematical statistics 0aMCE1 aLarry j. stephens